Представление документа в формате MARC21

ПолеНазваниеЗначение
  Тип записи a
  Библиографический уровень m
001 Контрольный номер RU/URAIT/569818
005 Дата корректировки 20260429163621.0
008 Кодируемые данные 260429s2025 RU y f j 000 0 rus u
020 Индекс ISBN __
a ISBN 978-5-534-21368-3
c Цена, тираж 699.00
040 Источник каталогиз. __
a Служба первич. каталог. ИКО Юрайт
c Служба, преобразующая запись ИКО Юрайт
e Правила каталог. RCR
041 Код языка издания __
a Код языка текста rus
044 Код страны публикации __
a Код страны публикации RU
080 Индекс УДК __
a Индекс УДК 581.1(075.8)
084 Индекс другой классификации/Индекс ББК __
2 Источник индекса rubbk
a Индекс другой классификации/Индекс ББК 28.57я73
100 Автор __
a Автор Кузнецов В. В.
q Полное имя Кузнецов Владимир Васильевич
245 Заглавие __
a Заглавие Минеральное питание растений
b Продолж. заглавия учебник для вузов
c Ответственность В. В. Кузнецов, Г. А. Дмитриева.
250 Сведения об издании __
g пер. и доп
a Основные сведения об издании 4-е изд.
256 Характеристики компьютерного файла __
a Характеристики компьютерного файла Электрон. дан.
260 Выходные данные __
a Место издания Москва
b Издательство Юрайт
c Дата издания 2025
300 Физическое описание __
a Объем 125 с
440 Серия __
a Серия Высшее образование
500 Примечания __
a Примечание URL: https://urait.ru/bcode/569818 (дата обращения: 29.04.2026).
520 Аннотация __
a Аннотация В курсе даны современные представления о физиологической роли, поглощении, транспорте и ассимиляции элементов минерального питания. Для студентов высших учебных заведений, обучающихся по естественнонаучным направлениям.
538 Прим. о системных особенностях __
a Прим. о системных особенностях Режим доступа: Электронно-библиотечная система Юрайт, для авториз. пользователей
653 Ключевые слова __
a Ключевые слова Биология и биотехнологии
653 Ключевые слова __
a Ключевые слова Естественные науки
653 Ключевые слова __
a Ключевые слова Минеральное питание растений
700 Другие авторы __
a Другие авторы Дмитриева Г. А.
q Полное имя Дмитриева Галина Алексеевна
856 Электронный адрес документа 40
n Местонахождение сервера Юрайт
g Электронная книга
q Тип электронного формата html
h Имя пользователя ЮРАЙТ
v Часы доступа к ресурсу 20271231
2 Способ доступа Показать документ
x Служебное примечание https://urait.ru/book/cover/50F1F1FD-CB73-4734-BB80-459D4F1D961C
u URL https://urait.ru/bcode/569818
856 Электронный адрес документа 48
q Тип электронного формата cover
u URL https://urait.ru/book/cover/50F1F1FD-CB73-4734-BB80-459D4F1D961C
911 __
u 0030=https://urait.ru/bcode/569818
911 __
u 073a=9785534213683
u 073d=699.00
911 __
u 106a=s
911 __
u 900l=
952 Тип литературы __
i Дисциплина Минеральное питание растений